La Crisis avanza /
Na minha lista:
| Autor principal: | |
|---|---|
| Formato: | Texto |
| Tags: |
Adicionar Tag
Sem tags, seja o primeiro a adicionar uma tag!
|
MARC
| LEADER | 00000 a a2200000 04500 | ||
|---|---|---|---|
| 001 | 692 | ||
| 003 | |||
| 040 | |||
| 100 | |a Miranda, Hugo | ||
| 245 | |a La Crisis avanza / |c Hugo Miranda | ||
| 773 | |g número 9; páginas 36-42 | ||
| 999 | |c 29625 |d 29625 | ||
